Αίντα : όπερα σε τέσσερις πράξεις : Τζουζέππε Βέρντι [1813-1901] = Aida : opera in four acts : Giuseppe Verdi [1813-1901]
Αποθηκεύτηκε σε:
| Άλλοι συγγραφείς: | , |
|---|---|
| Μορφή: | Βιβλίο |
| Γλώσσα: | Greek English |
| Δημοσίευση: |
[Αθήνα] :
Εθνική Λυρική Σκηνή,
2008/9.
|
| Θέματα: | |
| Ετικέτες: |
Προσθήκη ετικέτας
Δεν υπάρχουν, Καταχωρήστε ετικέτα πρώτοι!
|
MARC
| LEADER | 00000cam a2200000 i 4500 | ||
|---|---|---|---|
| 001 | 1/48982 | ||
| 008 | 140606s2009####gr | | ||| |||| ||gre|| | ||
| 020 | |a 9789609875332 | ||
| 035 | |l 10117918 | ||
| 040 | |a GR-MY-UA |b gre |e aacr | ||
| 041 | 0 | |a gre |a eng | |
| 082 | 0 | |a 782.1 |2 (23) | |
| 245 | 1 | 0 | |a Αίντα : |b όπερα σε τέσσερις πράξεις : Τζουζέππε Βέρντι [1813-1901] = Aida : opera in four acts : Giuseppe Verdi [1813-1901] / |c [επιμέλεια κειμένων Αντωνέτα Κώτση, αγγλική μετάφραση Sturmey Christine]. |
| 246 | 1 | |i Παράλληλος τίτλος: |a Aida : |b opera in four acts | |
| 260 | |a [Αθήνα] : |b Εθνική Λυρική Σκηνή, |c 2008/9. | ||
| 300 | |a 136 σ. : |b εικ. ; |c 23 εκ.+ |e 1 ένθ. | ||
| 500 | |a Συμπαραγωγή με την Αρένα της Βερόνας = co-production with the Arena de Verona. | ||
| 500 | |a Ωδείο Ηρώδου Αττικού, Μάιος 2009. | ||
| 500 | |a Ένθετο: Διανομή-βιογραφίες. | ||
| 500 | |a Αριθμός έκδοσης 26. | ||
| 600 | 1 | 0 | |a Verdi, Giuseppe, |d 1813-1901 |x Stories, plots, etc. |
| 650 | 0 | 0 | |a Opera programs. |
| 650 | 0 | 0 | |a Operas |x Stories, plots, etc. |
| 650 | 0 | 0 | |a Opera |x Analysis, apreciation. |
| 650 | 0 | 0 | |a Opera |x Performances. |
| 700 | 1 | |a Κώτση, Αντωνέτα. |4 edt | |
| 700 | 1 | |a Sturmey, Christine. |4 trl | |
| 852 | |a INST |b LESVOS |e 20140606 |h 782.1 ΑΙΝ |p 005100054337 |q 005100054337 |t BK |y 0 | ||
| 901 | |a BIBL1-2014-2 | ||
| 909 | |a Λ |b 189763 | ||
| 970 | |a ΤΖΑΦΕΡΗ |b ΕΥΑΓΓΕΛΙΑ |z 2014/06/14 | ||